8.Horrorfilm-Duell: Leatherface vs. Art the Clown - Statistiken

Allgemein
  • Dieses Quiz wurde 7 mal gespielt
  • Das Durchschnittsergebnis liegt bei 8 aus 12
Antwortstatistiken
Frage Antwort % Korrekt
Übernatürliche Kräfte Art the Clown
100%
Unsterblichkeit Art the Clown
86%
Psychologischer Horror Art the Clown
86%
Intelligenz Art the Clown
86%
Kreativität Art the Clown
86%
Sieger Art the Clown
71%
Ausstrahlung Leatherface
71%
Brutalität Art the Clown
57%
Wiedererkennungswert Leatherface
57%
Horrorikonenstatus Leatherface
57%
Opferzahl Leatherface
43%
Physische Kraft Leatherface
43%
Keine übereinstimmenden Quizze gefunden
Verteilung der Resultate
Anzahl Personen mit jedem Resultat
Perzentil nach korrekt beantworteten Fragen
Ihre Resultats-Entwicklung
Sie haben dieses Quiz noch nicht gespielt